<?xml version="1.0" encoding="UTF-8"?>
<collection xmlns="http://www.loc.gov/MARC21/slim">
<record>
  <controlfield tag="001">159857</controlfield>
  <controlfield tag="005">20250904104438.0</controlfield>
  <datafield tag="037" ind1=" " ind2=" ">
    <subfield code="a">GDOC-2024-60573</subfield>
  </datafield>
  <datafield tag="970" ind1=" " ind2=" ">
    <subfield code="a">GDOC-2024-60573</subfield>
  </datafield>
  <datafield tag="041" ind1=" " ind2=" ">
    <subfield code="a">spa</subfield>
  </datafield>
  <datafield tag="041" ind1=" " ind2=" ">
    <subfield code="a">eng</subfield>
  </datafield>
  <datafield tag="540" ind1=" " ind2=" ">
    <subfield code="a">by-nc-sa</subfield>
    <subfield code="b">Creative Commons</subfield>
    <subfield code="c">3.0</subfield>
    <subfield code="u">http://creativecommons.org/licenses/by-nc-sa/3.0/</subfield>
  </datafield>
  <datafield tag="260" ind1=" " ind2=" ">
    <subfield code="a">Zaragoza</subfield>
    <subfield code="b">Universidad de Zaragoza</subfield>
    <subfield code="c">2024-2025</subfield>
  </datafield>
  <datafield tag="245" ind1="0" ind2="0">
    <subfield code="9">60573</subfield>
    <subfield code="a">Trabajo fin de Máster</subfield>
  </datafield>
  <datafield tag="242" ind1="0" ind2="0">
    <subfield code="9">60573</subfield>
    <subfield code="a">Master's Dissertation</subfield>
  </datafield>
  <datafield tag="100" ind1=" " ind2=" ">
    <subfield code="0">(orcid)0000-0001-6445-849X</subfield>
    <subfield code="a">Javier Álvarez, Rodríguez</subfield>
    <subfield code="1">557634</subfield>
  </datafield>
  <datafield tag="700" ind1=" " ind2=" ">
    <subfield code="0">(orcid)0000-0002-0712-1185</subfield>
    <subfield code="a">Manuel Fondevila, Camps</subfield>
    <subfield code="1">117551</subfield>
  </datafield>
  <datafield tag="700" ind1=" " ind2=" ">
    <subfield code="a">Guillermo Fondevila, Lobera</subfield>
    <subfield code="1">575632</subfield>
  </datafield>
  <datafield tag="700" ind1=" " ind2=" ">
    <subfield code="0">(orcid)0000-0002-0227-1934</subfield>
    <subfield code="a">Francisco Javier García, Ramos</subfield>
    <subfield code="1">507025</subfield>
  </datafield>
  <datafield tag="700" ind1=" " ind2=" ">
    <subfield code="0">(orcid)0000-0002-6379-8844</subfield>
    <subfield code="a">Manuel López, Vicente</subfield>
    <subfield code="1">431656</subfield>
  </datafield>
  <datafield tag="700" ind1=" " ind2=" ">
    <subfield code="0">(orcid)0000-0003-0630-1181</subfield>
    <subfield code="a">Clara Martí, Dalmau</subfield>
    <subfield code="1">388013</subfield>
  </datafield>
  <datafield tag="700" ind1=" " ind2=" ">
    <subfield code="0">(orcid)0000-0001-5180-7339</subfield>
    <subfield code="a">Celia Montaner, Otín</subfield>
    <subfield code="1">100739</subfield>
  </datafield>
  <datafield tag="700" ind1=" " ind2=" ">
    <subfield code="0">(orcid)0000-0002-2704-2679</subfield>
    <subfield code="a">Luis Pardos, Castillo</subfield>
    <subfield code="1">117936</subfield>
  </datafield>
  <datafield tag="700" ind1=" " ind2=" ">
    <subfield code="0">(orcid)0000-0001-7978-7624</subfield>
    <subfield code="a">José Perna, de Mur</subfield>
    <subfield code="1">384268</subfield>
  </datafield>
  <datafield tag="700" ind1=" " ind2=" ">
    <subfield code="0">(orcid)0000-0003-0582-5418</subfield>
    <subfield code="a">Ester Sales, Clemente</subfield>
    <subfield code="1">389991</subfield>
  </datafield>
  <datafield tag="700" ind1=" " ind2=" ">
    <subfield code="0">(orcid)0000-0001-8991-325X</subfield>
    <subfield code="a">Pilar Santolaria, Blasco</subfield>
    <subfield code="1">128463</subfield>
  </datafield>
  <datafield tag="830" ind1=" " ind2=" ">
    <subfield code="9">546</subfield>
  </datafield>
  <datafield tag="856" ind1="4" ind2=" ">
    <subfield code="s">10544</subfield>
    <subfield code="u">http://zaguan.unizar.es/record/159857/files/guia-60573-en.pdf</subfield>
    <subfield code="y">Guide (english)</subfield>
  </datafield>
  <datafield tag="856" ind1="4" ind2=" ">
    <subfield code="s">10719</subfield>
    <subfield code="u">http://zaguan.unizar.es/record/159857/files/guia-60573-es.pdf</subfield>
    <subfield code="y">Guía (idioma español)</subfield>
  </datafield>
  <datafield tag="521" ind1=" " ind2=" ">
    <subfield code="9">691</subfield>
    <subfield code="a">Máster Universitario en Ingeniería Agronómica</subfield>
    <subfield code="b">Master in Agricultural Engineering</subfield>
  </datafield>
  <datafield tag="980" ind1=" " ind2=" ">
    <subfield code="a">GDOC</subfield>
    <subfield code="b">Engineering and Architecture</subfield>
    <subfield code="b">Ingeniería y Arquitectura</subfield>
    <subfield code="c">201</subfield>
  </datafield>
</record>
</collection>